000 00315nam a22001337a 4500
008 170704b xxu||||| |||| 00| 0 eng d
020 _a394733665
041 _aeng
080 _a82
100 _a22
101 _aGJL
245 _aTHE BORZOI ANTHOLOGY OF LATIN AMERICAN LITERATURE
_cMONEGAL,E.R
942 _2udc
_cBK
999 _c19927
_d19927